000 00655nam a2200289Ia 4500
008 160321s9999||||xx |||||||||||||| ||und||
040 _cHindi
082 _aXV.E/Aurobindo
082 _bBORI-79790
100 _aShreearvind
245 4 _aThe life Divine
260 _aPondicherry
260 _bShreeArvind Society
260 _c1970
300 _a440
300 _cB
300 _eHardbound
530 _u00037043.pdf
563 _aReference
600 _aShreearvind
630 _aThe life Divine
650 _aCollected Works
650 _aReference
700 _aShreearvind
730 _aThe life Divine
942 _cBOOK
999 _c1370162
_d1370159